000
00309nam a2200109Ia 4500
008
200302s9999 xx 000 0 und d
100
_a
Barbara Miller Lane
245
_a
Housing and Dwelling Perspectives on Modern Domestic Architecure
260
_b
Routledge publishing Co.
260
_c
2007
300
_a
467 P.,
999
_c
5892
_d
5892